| 000 | 01252cam a2200397 i 4500 | ||
|---|---|---|---|
| 001 | 56480 | ||
| 003 | KOSZ 005 | ||
| 005 | 20220111125005.0 | ||
| 008 | 090706s2009 pl a f f |000 0 pol | ||
| 020 | _a9788301157944 | ||
| 040 |
_cKOSZ 005 _aKOSZ 005 _dKOSZ 005/HR |
||
| 046 | _k2009 | ||
| 080 | _a528.3/.4 | ||
| 080 | _a625.7/.8 | ||
| 080 | _a(075.8) | ||
| 100 | 1 |
_aPrzewłocki, Stefan _d(1933- ) _eAutor |
|
| 245 | 1 | 0 |
_aGeodezja inżynieryjno-drogowa / _cStefan Przewłocki. |
| 250 | _aWyd. 2 zm. | ||
| 260 |
_aWarszawa : _bWydawnictwo Naukowe PWN, _c2009. |
||
| 300 |
_a296 s. : _bil. ; _c24 cm. |
||
| 380 | _aKsiążki | ||
| 380 | _aPublikacje dydaktyczne | ||
| 385 |
_mPoziom nauczania _aSzkoły wyższe |
||
| 388 | _a2001- | ||
| 536 | _aDostępny także w formie elektronicznej. | ||
| 650 | 7 | _aGeodezja | |
| 650 | 7 | _aDrogi | |
| 650 | 7 | _aBudownictwo | |
| 650 | 7 | _aProjektowanie | |
| 655 | 4 | _aPodręczniki akademickie | |
| 658 | _aArchitektura i budownictwo | ||
| 658 | _aGeografia i nauki o Ziemi | ||
| 710 | 2 |
_aWydawnictwo Naukowe PWN _4pbl |
|
| 856 |
_uhttp://koha.tu.koszalin.pl/cgi-bin/koha/opac-detail.pl?biblionumber=56480 _yKatalog online BPK |
||
| 942 |
_cKS _2UKD |
||
| 999 |
_c56480 _d56480 |
||